000 00244nam a2200097Ia 4500
001 1218962
005 20250827024656.0
008 250824s9999 xx 000 0 und d
245 0 _aSON PEYGAMBER HZ. MUHAMMED
_cAHMET CEVDET PAŞA
260 _bAGD
999 _c1218962
_d1218962